| 000 | 00593nam a2200193Ia 4500 | ||
|---|---|---|---|
| 003 | OSt | ||
| 005 | 20200813151328.0 | ||
| 008 | 190216s9999||||xx |||||||||||||| ||und|| | ||
| 020 | _a9788122430295 | ||
| 040 | _coclc | ||
| 082 |
_a541.223 _bNAS/S |
||
| 100 |
_aNasipuri,D _9115 |
||
| 245 | 0 |
_aStereochemistry of Organic Compounds : _bPrinciples and Applications / _cD Nasipuri |
|
| 250 | _a3rd Ed. | ||
| 260 |
_bNew Age International Publishers, _c2012. _aNew Delhi: |
||
| 300 | _a537p | ||
| 650 | _aStereo Chemistry | ||
| 942 |
_cBK _2ddc _h541.223 _iNAS/S _k541.223 _mNAS/S |
||
| 999 |
_c3558 _d3558 |
||